<?xml version="1.0" encoding="UTF-8"?>
<marc:record xmlns:marc="http://www.loc.gov/MARC21/slim">
   <marc:leader>00000nam a2200000 a 4500</marc:leader>
   <marc:datafield ind1="1" ind2=" " tag="100">
      <marc:subfield code="a">Fetz-Lugmayr, Dagmar</marc:subfield>
      <marc:subfield code="4">aut</marc:subfield>
      <marc:subfield code="e">Verfasser/-in</marc:subfield>
   </marc:datafield>
   <marc:datafield ind1=" " ind2=" " tag="653">
      <marc:subfield code="a">Geschichte</marc:subfield>
   </marc:datafield>
   <marc:datafield ind1=" " ind2=" " tag="653">
      <marc:subfield code="a">Historische Stätte</marc:subfield>
   </marc:datafield>
   <marc:datafield ind1=" " ind2=" " tag="653">
      <marc:subfield code="a">Sage</marc:subfield>
   </marc:datafield>
   <marc:datafield ind1=" " ind2=" " tag="653">
      <marc:subfield code="a">Bad Hall</marc:subfield>
   </marc:datafield>
   <marc:datafield ind1="0" ind2="0" tag="245">
      <marc:subfield code="a">Sagenreiches Bad Hall</marc:subfield>
   </marc:datafield>
   <marc:datafield ind1="0" ind2="0" tag="245">
      <marc:subfield code="b">sprudelnde Geschichten einer Kurstadt und ihrer Umgebung</marc:subfield>
   </marc:datafield>
   <marc:datafield ind1="0" ind2="0" tag="245">
      <marc:subfield code="c">Dagmar Fetz-Lugmayr</marc:subfield>
   </marc:datafield>
   <marc:datafield ind1=" " ind2="1" tag="264">
      <marc:subfield code="a">Salzburg</marc:subfield>
      <marc:subfield code="b">Pustet</marc:subfield>
      <marc:subfield code="c">2021</marc:subfield>
   </marc:datafield>
   <marc:datafield ind1="1" ind2=" " tag="520">
      <marc:subfield code="a">Wo Wasser gurgelt, sprudeln auch Mythen, Sagen und Geschichten. Im Herzen von Oberösterreich zwischen den Flüssen Enns und Krems liegt die kleine Kurstadt Bad Hall. Als hätte das Wasser dieser Gegend vieles zu erzählen, gluckst es in heilbringenden Quellen und Brunnen und durchzieht als Lebensader die Landschaft &#x96; selbst das Trinkwasser kommt aus einem sagenumwobenen Boden. Seit Jahrhunderten haben sich Menschen das wahrlich kostbare Gut zunutze gemacht und kommen heute wie damals nach Bad Hall, um Körper und Seele zu stärken und ihrer Gesundheit Gutes zu tun. Dieses Buch nimmt Sie mit auf eine Reise, um die Kurstadt Bad Hall und ihre Umgebung mit ihren Geschichten zu erleben. Bestimmt finden Sie Ihren Lieblingsplatz, entdecken Neues und sehen Vertrautes mit anderen Augen. Genießen Sie unbeschwerte Ausflüge zu sagenreichen Plätzen und lassen Sie sich von den Erzählungen wie vom Fluss des Wassers begleiten. - Sagen und Geschichten aus fünf Gemeinden: Bad Hall, Pfarrkirchen bei Bad Hall, Adlwang, Rohr im Kremstal und Kremsmünster - Hinweise zu markierten Wanderwegen und Sehenswürdigkeiten - Ideale Lektüre für Kurgäste, Ruhesuchende, Kulturinteressierte und Neugierige</marc:subfield>
   </marc:datafield>
   <marc:datafield ind1=" " ind2=" " tag="020">
      <marc:subfield code="a">9783702510015</marc:subfield>
      <marc:subfield code="9">9783702510015</marc:subfield>
   </marc:datafield>
   <marc:datafield ind1=" " ind2=" " tag="020">
      <marc:subfield code="a">370251001X</marc:subfield>
      <marc:subfield code="9">370251001X</marc:subfield>
   </marc:datafield>
   <marc:datafield ind1=" " ind2=" " tag="300">
      <marc:subfield code="a">187 S. : Ill.</marc:subfield>
   </marc:datafield>
</marc:record>
